Statistics for 25 Most Populous Countries - Map Quiz

Click here to take the quiz!

General Stats

  • This quiz has been taken 929 times
    (869 since last reset)
  • The average score is 24 of 25

Answers on the Map

Answers color-coded by a green-red scale on the quiz's map according to % correct below.
 

Answer Stats

Answer% Correct
India
99%
Brazil
98%
China
98%
Russia
98%
United States
98%
Egypt
97%
Mexico
97%
France
96%
Germany
96%
Indonesia
96%
Italy
96%
Japan
96%
South Africa
96%
United Kingdom
96%
Bangladesh
95%
DR Congo
95%
Iran
95%
Pakistan
95%
Philippines
95%
Turkey
95%
Ethiopia
94%
Tanzania
94%
Thailand
94%
Nigeria
93%
Vietnam
90%

Score Distribution

Percentile by Number Answered

Percent of People with Each Score

Your Score History

You have not taken this quiz since the last reset